000 00578nam a2200241 a 4500
001 nice12345678
003 IN_TiNIC
005 20260116012103.0
008 050524s1966 lona grp 000 0 eng
020 _a
_c788.8
082 0 0 _a261
_bSCH
100 _aSchmemann, Alexander
245 _aWorld and Sacrament
260 _aLondon
_bDarton and Longman
_c1966
300 _a142p
500 _aincludes index and biblioraphy
505 2 _aAppendix
650 _aTheology-Social
700 1 _aSchmemann, Alexander
902 _bSRS
942 _cBK
999 _c5580
_d5580